00467nam a22001577a 4500003000400000008004100004020001800045082001900063100001600082245008100098260003400179300001700213650004300230700001700273700001900290OSt260606b |||||||| |||| 00| 0 eng d a9780128117606 a006.312 bH23D aHan, Jiawei aData Mining: Concepts and Techniques/ by Jiawei Han, Jian Pei, Hanghang Tong aCambridge: bElsevier;c2023. axxix, 752 p. aGeneralities | Knowledge | Data mining aPei, Jian |  aTong, Hanghang